ბათუმის შოთა რუსთაველის სახელმწიფო უნივერსიტეტის ბიბლიოთეკა

Manual of endocrinology and metabolism / (ბიბ.ჩანაწერი № 57491)

000 -LEADER
fixed length control field 01797cam a2200361 i 4500
001 - CONTROL NUMBER
control field 20250932
005 - DATE AND TIME OF LATEST TRANSACTION
control field 20221105202747.0
008 - FIXED-LENGTH DATA ELEMENTS--GENERAL INFORMATION
fixed length control field 180108s2019 pau bf 001 0 eng
010 ## - LIBRARY OF CONGRESS CONTROL NUMBER
LC control number 2018000484
020 ## - INTERNATIONAL STANDARD BOOK NUMBER
International Standard Book Number 9781496322647 (pbk.) 1
020 ## - INTERNATIONAL STANDARD BOOK NUMBER
International Standard Book Number 1496322649 (pbk.) 1
040 ## - CATALOGING SOURCE
Original cataloging agency DLC
Language of cataloging eng
Transcribing agency DLC
Description conventions rda
Modifying agency DLC
041 ## - LANGUAGE CODE
Language code of text/sound track or separate title eng
042 ## - AUTHENTICATION CODE
Authentication code pcc
050 00 - LIBRARY OF CONGRESS CALL NUMBER
Classification number RC648
Item number .M365 2019
080 ## - UNIVERSAL DECIMAL CLASSIFICATION NUMBER
Universal Decimal Classification number 616.4(075.8) M-24
245 00 - TITLE STATEMENT
Title Manual of endocrinology and metabolism /
Statement of responsibility, etc. e ditor Norman Lavin, M.D., Ph.D., F.A.A.P., F.A.C.E., Clinical Professor of Endocrinology and Pediatrics, Director of Clinical Education in Endocrinology, UCLA School of Medicine, Los Angeles, California ; editor-in-chief: Growth, Growth Hormone, IGF-1, and Metabolism, London, England ; director of the Diabetes Care Center and Director of Medical Education, Providence Tarzana Regional Medical Center, Tarzana, California.
250 ## - EDITION STATEMENT
Edition statement Fifth edition.
264 #1 - PRODUCTION, PUBLICATION, DISTRIBUTION, MANUFACTURE, AND COPYRIGHT NOTICE
Place of production, publication, distribution, manufacture Philadelphia :
Name of producer, publisher, distributor, manufacturer Wolters Kluwer,
Date of production, publication, distribution, manufacture, or copyright notice [2019]
300 ## - PHYSICAL DESCRIPTION
Extent xxvi, 1166 pages ;
Dimensions 22 cm.
504 ## - BIBLIOGRAPHY, ETC. NOTE
Bibliography, etc. note Includes bibliographical references and index.
650 #0 - SUBJECT ADDED ENTRY--TOPICAL TERM
Topical term or geographic name entry element Endocrinology
Form subdivision Handbooks, manuals, etc.
9 (RLIN) 8841
650 #0 - SUBJECT ADDED ENTRY--TOPICAL TERM
Topical term or geographic name entry element Endocrine glands
General subdivision Diseases
Form subdivision Handbooks, manuals, etc.
9 (RLIN) 8842
650 #0 - SUBJECT ADDED ENTRY--TOPICAL TERM
Topical term or geographic name entry element Metabolism
General subdivision Disorders
Form subdivision Handbooks, manuals, etc.
9 (RLIN) 8843
653 ## - INDEX TERM--UNCONTROLLED
keyword ენდოკრინოლოგია
653 ## - INDEX TERM--UNCONTROLLED
keyword ნივთიერებების ცვლა
653 ## - INDEX TERM--UNCONTROLLED
keyword მედიცინა
700 1# - ADDED ENTRY--PERSONAL NAME
Personal name Lavin, Norman,
Relator term editor.
Dates associated with a name რედაქტორი
9 (RLIN) 8844
856 ## - ELECTRONIC LOCATION AND ACCESS
Uniform Resource Identifier ელექტრონული ვერისია
906 ## - LOCAL DATA ELEMENT F, LDF (RLIN)
a 7
b cbc
c orignew
d 1
e ecip
f 20
g y-gencatlg
942 ## - ADDED ENTRY ELEMENTS (KOHA)
Source of classification or shelving scheme
Koha item type წიგნი
ეგზემპლარები
Withdrawn status Lost status Source of classification or shelving scheme Damaged status Not for loan Permanent Location Current Location Shelving location Date acquired Cost, normal purchase price Full call number Barcode Date last seen Copy number Price effective from Koha item type Public note
          ბათუმის შოთა რუსთაველის სახელმწიფო უნივერსიტეტის მთავარი ბიბლიოთეკა ბათუმის შოთა რუსთაველის სახელმწიფო უნივერსიტეტის მთავარი ბიბლიოთეკა წიგნსაცავი 2020-06-29 181.00 616.4(075.8) M-24 60688 2020-06-29 60688 2020-06-29 წიგნი 181 ლ.